000 01099nam a2200325 i 4500
003 EG-GICUC
005 20260416120759.0
008 260416s1954 fr ||||fr|||| 00| 0 eng d
040 _a EG-GICUC
_beng
_c EG-GICUC
_d EG-GICUC
_erda
041 0 _aeng
082 0 4 _221
_a341.1
_bCO . C
092 0 4 _221
099 _aLaw1 11 341.1 CO . C 1954
110 2 _aCommission Internationale Pour Une Histoire Du Développement Scientifique Et Culturel De L'humanité
_eAuthor.
245 1 0 _aJournal Of World History.
246 1 _aCahiers D'histoire Mondiale
246 1 _aCuadernos De Historia Mundial
264 _aParis :
_bLibrairie Des Méridiens,
_c1954.
300 _a 728 pages,
_c24 سم
336 _2rda content
_atext
337 _2rda media
_aComputer
338 _2rda carrier
_aOnline Resource
500 _aVOLUME I Nº 3 JANVIER 1954
504 _aIncludes bibliographical references.
546 _aText in English
650 1 4 _2Public international law
856 4 0 _uhttps://fll.law.cu.edu.eg/fulltext/bks/B11-05342.pdf
905 _a48
942 _2ddc
_cBK
_e21
_n0
999 _c71400
_d71400